Loading...
| Science - Chemistry | 0 | 5 | 1 | 0 | 45 | 86 | 101.80 | 4 | 5 | 0.00 | 0.00 |
| Literature - American | 0 | 2 | 0 | 0 | 20 | 115 | 115.50 | 1 | 2 | 0.00 | 0.00 |
| Science - Physics | 0 | 3 | 3 | 1 | 15 | 69 | 91.33 | 2 | 3 | 0.00 | 0.00 |
| Science - Other | 0 | 1 | 0 | 0 | 10 | 116 | 116.00 | 0 | 1 | 0.00 | 0.00 |
| History - European | 0 | 1 | 0 | 0 | 10 | 144 | 144.00 | 0 | 1 | 0.00 | 0.00 |
| Literature - European | 0 | 1 | 0 | 0 | 10 | 117 | 117.00 | 1 | 1 | 0.00 | 0.00 |
| Social Science | 0 | 0 | 0 | 0 | 0 | 0.00 | 0 | 0 | 0.00 | 0.00 | |
| Science - Biology | 0 | 0 | 1 | 0 | -5 | 0.00 | 0 | 0 | 0.00 | 0.00 | |
| Literature - British | 0 | 0 | 1 | 0 | -5 | 0.00 | 0 | 0 | 0.00 | 0.00 |